Вып. 5 (85); Методические разработки по проблемам вузовской педагогики и научной организации учебного процесса

Podrobná bibliografie
Parent link:Методические разработки по проблемам вузовской педагогики и научной организации учебного процесса: сборник научных статей/ Новосибирский электротехнический институт (НЭТИ). Вып. 5 (85).— , 1979-
Jazyk:ruština
Vydáno: 1981
Témata:
Médium: MixedMaterials Kniha
KOHA link:https://koha.lib.tpu.ru/cgi-bin/koha/opac-detail.pl?biblionumber=293078

MARC

LEADER 00000nam2a2200000 4500
001 293078
005 20231102000547.0
035 |a (RuTPU)RU\TPU\book\317917 
035 |a RU\TPU\book\317914 
090 |a 293078 
100 |a 20150428d1981 k y0rusy50 ca 
101 0 |a rus 
102 |a RU 
105 |a y z 001zy 
200 0 |a Вып. 5 (85) 
210 |d 1981 
215 |a 28 с. 
320 |a Библиогр. в конце ст. 
461 1 |0 (RuTPU)RU\TPU\book\295325  |t Методические разработки по проблемам вузовской педагогики и научной организации учебного процесса  |o сборник научных статей  |f Новосибирский электротехнический институт (НЭТИ)  |v Вып. 5 (85)  |d 1979-   |s Научная организация учебного процесса 
606 1 |a Учебный процесс  |x Вузы  |2 stltpush  |3 (RuTPU)RU\TPU\subj\69286  |9 84209 
610 1 |a высшее образование 
610 1 |a вузовская подготовка 
610 1 |a студенты 
610 1 |a педагогика 
610 1 |a высшая школа 
610 1 |a знания 
610 1 |a технические вузы 
610 1 |a методика преподавания 
610 1 |a обучение 
610 1 |a социометрические исследования 
610 1 |a студенческие группы 
610 1 |a методические разработки 
686 |a Ч481.2  |v LBC/SL-A  |2 rubbk 
801 1 |a RU  |b 63413507  |c 20150428 
801 2 |a RU  |b 63413507  |c 20180425  |g RCR 
942 |c BK